Kluby piłkarskie Yorkshire and the Humber (Anglia) - nagła śmierć - Statystyki

Ogólne statystyki
  • Ten quiz został rozwiązany 7 razy
  • Średni wynik to 4 z 12
Answers on the Grid
Answers color-coded by a green-red scale on the quiz's grid according to % correct below.
Norwich City
Leeds United
Hull City
Middlesbrough FC
Sheffield United
FC Burnley
Sheffield Wednesday
York City
Nottingham Forest
Bradford City
Rotherham United
Chesterfield FC
Doncaster Rovers
Huddersfield Town
Brentford FC
FC Barnsley
Harrogate Town
Mansfield Town
Grimsby Town
Forest Green Rovers
Bolton Wanderers
 
Statystyki odpowiedzi
Odpowiedź % Poprawnych
York City
60%
Bradford City
40%
Doncaster Rovers
40%
Grimsby Town
40%
Harrogate Town
40%
Hull City
40%
Sheffield United
40%
Huddersfield Town
20%
Leeds United
20%
Sheffield Wednesday
20%
FC Barnsley
0%
Rotherham United
0%
Nie znaleziono quizów pasujących do podanych kryteriów
Rozkład punktacji
Procent ludzi z każdym wynikiem
Percentyl według liczby udzielonych odpowiedzi
Twoja historia wyników
Nie rozwiązałeś tego quizu